| 000 | 004320000a22001810004500 | ||
|---|---|---|---|
| 003 | MACL | ||
| 005 | 20160106140023.0 | ||
| 008 | 160106b xxu||||| |||| 00| 0 eng d | ||
| 040 |
_aMACL _cMACL |
||
| 041 | _aEnglish | ||
| 082 | _a823/KAS | ||
| 100 |
_aKasbekar, Sushma _928726 |
||
| 245 | _aThe Tax Dodgers | ||
| 260 |
_bPopular Prakashan _c1985 _aBombay |
||
| 350 | _a95 | ||
| 650 |
_aFiction _928727 |
||
| 942 |
_cBK _k823/Kas _2ddc |
||
| 999 |
_c33782 _d33782 |
||